| 000 | 00536nam a22001577a 4500 | ||
|---|---|---|---|
| 005 | 20120523130553.0 | ||
| 020 |
_a0195643062 _c00 |
||
| 035 | _aA-936369 | ||
| 037 |
_aDPL _bENG |
||
| 100 |
_aDasgupta, Dipankar _947779 |
||
| 245 |
_aThe macroeconomy : _bA textbook view / _cby Dipankar Dasgupta |
||
| 260 |
_aDelhi _bOxford University Press _c1997 |
||
| 300 |
_axiii, 219p. _c18 cms. |
||
| 942 |
_2ddc _cEN _h339 _mDAS |
||
| 999 |
_c67087 _d67087 |
||